| 000 | 01379nam a22003497a 4500 | ||
|---|---|---|---|
| 001 | 273 | ||
| 003 | FISKH | ||
| 005 | 20250127110603.0 | ||
| 008 | 230313b cb ||||| |||| 00| 0 eng d | ||
| 020 | _a9780763655525 | ||
| 040 |
_aDLC _cDLC _dDLC _dFISKH _beng |
||
| 050 | 0 | 0 | _aPZ7 |
| 082 | _a813.6 | ||
| 100 | 1 | _aMichalak, Jamie. | |
| 245 | 1 | 0 |
_aJudy Moody and the not bummer summer : _bthe thrill points race / _cwritten by Jamie Michalak ; based on the motion picture screenplay by Megan McDonald and Kathy Waugh. |
| 246 | 3 | 0 | _aThrill points race |
| 246 | 1 | 4 | _aJudy Moody and the thrill points race |
| 250 | _a1st ed. | ||
| 260 |
_aSomerville, Mass. : _bCandlewick Press, _c2011. |
||
| 300 |
_a44 p. : _bcol. ill. ; _c23 cm. |
||
| 500 | _a"Based on the Judy Moody series by Megan McDonald." | ||
| 505 | _aF | ||
| 520 | _aJudy Moody is determined to make this the best summer ever by developing the thrill points race, in which she and her friends accumulate thrill points throughout the season by doing daring things. | ||
| 521 | 8 |
_a400
_bLexile |
|
| 521 | 8 |
_aF
_bRaz-Plus |
|
| 600 | 1 | 0 |
_aMoody, Judy _c(Fictitious character) _vJuvenile fiction. |
| 650 | 0 |
_aSummer _vJuvenile fiction. |
|
| 700 | 1 | _aMcDonald, Megan. | |
| 730 | 0 | _aJudy Moody and the not bummer summer (Motion picture) | |
| 906 |
_a7 _bcbc _corigres _d4 _encip _f20 _gy-gencatlg |
||
| 942 |
_2ddc _cBK _n0 |
||
| 999 |
_c273 _d273 |
||